Agenda de campo de suelos. Información de suelos para la agricultura y el medio ambiente
Salvato in:
| Autore principale: | |
|---|---|
| Altri autori: | |
| Natura: | Libro |
| Lingua: | spagnolo |
| Pubblicazione: |
Madrid, España:
Ediciones Mundi-Prensa,
2005
|
| Soggetti: | |
| Tags: |
Aggiungi Tag
Nessun Tag, puoi essere il primo ad aggiungerne!!
|
MARC
| LEADER | 00000nam a2200000 a 4500 | ||
|---|---|---|---|
| 001 | UCJ1431 | ||
| 003 | CL-VaPUC | ||
| 005 | 20220302113237.0 | ||
| 008 | 061020e20050000SP |||||||||||||||||spa|d | ||
| 999 | |c 318017 |d 318015 | ||
| 020 | |a 84-8476-231-9 | ||
| 040 | |c Pontificia Universidad Católica de Valparaíso | ||
| 082 | 0 | 4 | |a 631.4 POR 2005 |2 21 |
| 100 | 0 | |a Porta Casanellas, Jaume |e autor |9 502050 | |
| 245 | 1 | 0 | |a Agenda de campo de suelos. |b Información de suelos para la agricultura y el medio ambiente |
| 260 | |a Madrid, España: |b Ediciones Mundi-Prensa, |c 2005 | ||
| 300 | |a 541 páginas | ||
| 583 | |a last modification |c 20061020 00:00:00 |k Rodrigo Vera | ||
| 650 | 0 | |a Suelos |9 260322 | |
| 650 | 0 | |a Edafología |2 CL-VaPUC |9 301239 | |
| 650 | 0 | |a Calidad del suelo |2 CL-VaPUC |9 500351 | |
| 650 | 0 | |a Agricultura |9 255598 | |
| 650 | 0 | |a Erosión del suelo |9 361524 | |
| 700 | 0 | |a López-Acevedo Reguerín, Marta |e autora |9 502051 | |
| 942 | |c BK |2 ddc | ||
| 945 | |d 20061020 00:00:00 |a cmena | ||
| 952 | |0 0 |1 0 |4 0 |6 631_400000000000000_POR_2005 |7 0 |8 A |9 395221 |a BIBAGR |b BIBAGR |d 2019-11-22 |i 4280717 |o 631.4 POR 2005 |p 4280717 |r 2025-01-20 |w 2019-11-22 |y BK |k AGR | ||
| 952 | |0 0 |1 0 |2 ddc |4 0 |6 631_400000000000000_POR_2005 |7 0 |8 A |9 581584 |a BIBAGR |b BIBAGR |c GEN |d 2022-03-02 |e 3 |g 79650.00 |i 5648394 |o 631.4 POR 2005 |p 5648394 |r 2025-01-20 |t 2 |v 79650.00 |w 2022-03-02 |y BK |k AGR | ||